LEADER 01081cam2-2200349---450- 001 990005120790403321 005 20080620112225.0 010 $a3-579-00609-6 035 $a000512079 035 $aFED01000512079 035 $a(Aleph)000512079FED01 035 $a000512079 100 $a19990604d1996----km-y0itay50------ba 101 0 $ager 102 $aDE 105 $ay-------00-y- 200 1 $aVier erbauliche Reden 1844$aDrei Reden bei gedachten Gelegenheiten 1845$fSoren Kierkegaard 205 $a2. Auf. 210 $aGütersloh$cGütersloher Verl. Gerd Mohn$d1996 215 $a227 p.$d18 cm 225 1 $aGütersloher Taschenbüher$v609 461 0$1001000412987$12001$aGesammelte Werke$v13/14 676 $a199 700 1$aKierkegaard,$bSøren$f<1813-1855>$0385743 801 0$aIT$bUNINA$gRICA$2UNIMARC 901 $aBK 912 $a990005120790403321 952 $aP.1 8V KIER 5 (8)$bBibl. 22995$fFLFBC 959 $aFLFBC 996 $aVier erbauliche Reden 1844$9534505 996 $aDrei Reden bei gedachten Gelegenheiten 1845$9534506 997 $aUNINA LEADER 01986nas 2200613- 450 001 996218316603316 005 20221206094142.0 011 $a2199-3858 035 $a(OCoLC)927032538 035 $a(CKB)3860000000000005 035 $a(CONSER)--2019207001 035 $a(DE-599)ZDB2815712-6 035 $a(EXLCZ)993860000000000005 100 $a20150701a20159999 s-- - 101 0 $aeng 135 $aur||||||||||| 181 $ctxt$2rdacontent 182 $cc$2rdamedia 183 $acr$2rdacarrier 200 00$aShape memory and superelasticity $eadvances in science and technology 210 1$aHeidelberg :$cSpringer,$d2015- 215 $a1 online resource 300 $aRefereed/Peer-reviewed 311 $a2199-384X 517 1 $aAdvances in science and technology 517 1 $aShap. Mem. Superelasticity 531 0 $aShape memory superelast. 606 $aShape memory effect$vPeriodicals 606 $aShape memory alloys$vPeriodicals 606 $aShape memory polymers$vPeriodicals 606 $aElasticity$vPeriodicals 606 $aMaterials science$vPeriodicals 606 $aMaterials science$2fast$3(OCoLC)fst01011957 606 $aElasticity$2fast$3(OCoLC)fst00904211 606 $aShape memory alloys$2fast$3(OCoLC)fst01115229 606 $aShape memory effect$2fast$3(OCoLC)fst01115230 606 $aShape memory polymers$2fast$3(OCoLC)fst01895370 608 $aPeriodicals.$2fast 608 $aZeitschrift.$2gnd-content 615 0$aShape memory effect 615 0$aShape memory alloys 615 0$aShape memory polymers 615 0$aElasticity 615 0$aMaterials science 615 7$aMaterials science. 615 7$aElasticity. 615 7$aShape memory alloys. 615 7$aShape memory effect. 615 7$aShape memory polymers. 712 02$aASM International, 906 $aJOURNAL 912 $a996218316603316 996 $aShape memory and superelasticity$92493789 997 $aUNISA